[Event "BCF-chT4 2223 (4NCL)"]
[Site "England"]
[Date "2022.11.06"]
[Round "2.11"]
[White "Hampton, Christopher"]
[Black "Jogstad, Martin"]
[Result "0-1"]
[WhiteElo "1978"]
[BlackElo "2386"]
[PlyCount "80"]
[EventDate "2022.11.05"]
[EventType "team-swiss"]
[EventRounds "11"]
[EventCountry "ENG"]
[SourceTitle "EXT 2024"]
[Source "ChessBase"]
[SourceDate "2023.10.10"]
[SourceVersion "1"]
[SourceVersionDate "2023.10.10"]
[SourceQuality "1"]
[WhiteTeam "Anglian Avengers II"]
[BlackTeam "Kingston"]
[WhiteTeamCountry "ENG"]
[BlackTeamCountry "ENG"]

1. d4 d5 2. c4 e6 3. Nc3 a6 4. cxd5 exd5 5. Nf3 h6 6. Bf4 Nf6 7. h3 Bd6 8. Bxd6 Qxd6 9. e3 Bf5 10. Bd3 Bxd3 11. Qxd3 Nbd7 12. 0-0 0-0 13. Rac1 c6 14. Na4 Ne4 15. Qc2 Qe7 16. Nc5 Nd6 17. Nxd7 Qxd7 18. Ne5 Qe7 19. b4 Rfd8 20. a4 g6 21. Qe2 Kg7 22. Qd3 h5 23. Qe2 Rh8 24. f3 Rae8 25. Rce1 Nf5 26. Qf2 Qxb4 27. g4 Nd6 28. Qg3 Re6 29. Nd3 Qc3 30. Nf4 Rxe3 31. Ne2 Qa3 32. Nf4 h4 33. Qf2 Rhe8 34. Ng2 Rxe1 35. Rxe1 Rxe1+ 36. Nxe1 Qxa4 37. Qe3 Nc4 38. Qe7 Qa3 39. Qxh4 Qc3 40. Kg2 Qxd4 0-1

[Event "Southend op"]
[Site "London"]
[Date "2002.04.01"]
[Round "7"]
[White "Poobalasingam, Peter"]
[Black "Hampton, Christopher"]
[Result "1/2-1/2"]
[WhiteElo "1568"]
[BlackElo "1728"]
[PlyCount "79"]
[EventDate "2002.03.29"]
[EventType "swiss"]
[EventRounds "7"]
[EventCountry "ENG"]
[SourceTitle "EXT 2006"]
[Source "ChessBase"]
[SourceDate "2005.11.24"]
[SourceVersion "1"]
[SourceVersionDate "2005.11.24"]
[SourceQuality "1"]

1. d4 d5 2. c4 e6 3. Nc3 Nf6 4. Bg5 Be7 5. Nf3 0-0 6. e3 b6 7. cxd5 exd5 8. Bd3 h6 9. Bh4 Be6 10. 0-0 Nbd7 11. Rc1 c5 12. dxc5 bxc5 13. e4 d4 14. Ne2 Bg4 15. e5 Nd5 16. Bxe7 Qxe7 17. Be4 N7b6 18. b4 f5 19. Bxd5+ Nxd5 20. Qb3 Bxf3 21. gxf3 Qxe5 22. Rxc5 Rad8 23. Nxd4 Qxd4 24. Rd1 Qxb4 25. Rcxd5 Qxb3 26. axb3 Rxd5 27. Rxd5 Rb8 28. Rd3 Kh7 29. Kf1 Kg6 30. Ke2 f4 31. Rd6+ Kh5 32. Ra6 Rb7 33. Kf1 Rxb3 34. Rxa7 Rxf3 35. Rxg7 Ra3 36. Kg2 Kh4 37. Rf7 Kg4 38. f3+ Kg5 39. h4+ Kxh4 40. Rxf4+ 1/2-1/2

[Event "Southend op"]
[Site "London"]
[Date "2002.03.30"]
[Round "4"]
[White "Hampton, Christopher"]
[Black "Davies, Robert JV"]
[Result "1-0"]
[WhiteElo "1728"]
[BlackElo "1664"]
[PlyCount "63"]
[EventDate "2002.03.29"]
[EventType "swiss"]
[EventRounds "7"]
[EventCountry "ENG"]
[SourceTitle "EXT 2006"]
[Source "ChessBase"]
[SourceDate "2005.11.24"]
[SourceVersion "1"]
[SourceVersionDate "2005.11.24"]
[SourceQuality "1"]

1. e4 c5 2. Nf3 d6 3. d4 cxd4 4. Nxd4 a6 5. Nc3 Nf6 6. Bg5 e5 7. Nf5 h6 8. Bxf6 Qxf6 9. Ne3 Be6 10. Bc4 Nc6 11. Qd2 Qd8 12. Ncd5 Rc8 13. c3 b5 14. Bb3 Na5 15. Qd3 Be7 16. 0-0 Bg5 17. Nf5 Bxf5 18. exf5 Nc4 19. Bxc4 Rxc4 20. a4 0-0 21. axb5 axb5 22. Ra6 Rc5 23. Rfa1 Qb8 24. b4 Rc4 25. Rb6 Qc8 26. Rxb5 e4 27. Qe2 Qc6 28. Rba5 Kh8 29. Qd1 Re8 30. Ra6 Qb7 31. Ra7 Qb8 32. Ra8 1-0

[Event "Southend op"]
[Site "London"]
[Date "2002.03.30"]
[Round "3"]
[White "Sugden, John N"]
[Black "Hampton, Christopher"]
[Result "1-0"]
[WhiteElo "2200"]
[BlackElo "1728"]
[PlyCount "89"]
[EventDate "2002.03.29"]
[EventType "swiss"]
[EventRounds "7"]
[EventCountry "ENG"]
[SourceTitle "EXT 2006"]
[Source "ChessBase"]
[SourceDate "2005.11.24"]
[SourceVersion "1"]
[SourceVersionDate "2005.11.24"]
[SourceQuality "1"]

1. e4 c5 2. Nc3 d6 3. g3 Nc6 4. Bg2 e5 5. d3 Nge7 6. Nh3 g6 7. 0-0 Bg7 8. f4 f5 9. Be3 0-0 10. Qd2 Kh8 11. fxe5 Bxe5 12. Bh6 Bg7 13. Bxg7+ Kxg7 14. Nf4 h6 15. Ncd5 Nxd5 16. exd5 Qa5 17. Qxa5 Nxa5 18. Rfe1 g5 19. Ne6+ Bxe6 20. Rxe6 Rf6 21. Rae1 Raf8 22. c3 b6 23. Bf1 R8f7 24. d4 c4 25. Rxf6 Rxf6 26. Be2 Kg6 27. Bd1 g4 28. Re8 h5 29. Ba4 Kg7 30. Ra8 Rf7 31. Be8 Re7 32. Kf2 Kh6 33. Bc6 Rf7 34. Rd8 Rf6 35. Ke3 Kg5 36. Rg8+ Rg6 37. Rxg6+ Kxg6 38. Kf4 Kf6 39. Be8 Nb7 40. Bxh5 Nd8 41. Be8 a5 42. Bd7 Nf7 43. Bxf5 b5 44. Bxg4 Ng5 45. h4 1-0

[Event "Southend op"]
[Site "London"]
[Date "2001.04.15"]
[Round "5"]
[White "Jaszkiwskyj, Peter"]
[Black "Hampton, Christopher"]
[Result "1-0"]
[WhiteElo "2141"]
[BlackElo "1400"]
[PlyCount "55"]
[EventDate "2001.04.13"]
[EventType "swiss"]
[EventRounds "7"]
[EventCountry "ENG"]
[SourceTitle "EXT 2006"]
[Source "ChessBase"]
[SourceDate "2005.11.24"]
[SourceVersion "1"]
[SourceVersionDate "2005.11.24"]
[SourceQuality "1"]

1. e4 d5 2. exd5 Qxd5 3. Nc3 Qa5 4. d4 Nf6 5. Bd3 c6 6. Bd2 Qb6 7. Nge2 Bg4 8. f3 Bh5 9. Na4 Qc7 10. Bf4 Qa5+ 11. c3 e6 12. b4 Qd8 13. 0-0 Bd6 14. Re1 Bg6 15. Nc5 Bxf4 16. Nxf4 Qc8 17. Bc4 0-0 18. Nxg6 hxg6 19. Nxe6 Re8 20. Ng5 Nd5 21. Rxe8+ Qxe8 22. Qe1 Qd8 23. Qh4 Nd7 24. Qh7+ Kf8 25. Qh8+ Ke7 26. Re1+ Kf6 27. Nh7+ Kf5 28. Bd3+ 1-0